Mort Subite - Kpop Artistes de SM Entertainement - Statistiques

Statistiques générales
  • Ce quiz a été pris 518 fois
  • Le résultat moyen est 7 sur 16
Answers on the Grid
Answers color-coded by a green-red scale on the quiz's grid according to % correct below.
Girl's Generation
Naevis
Babymonster
EXO
Kiss of Life
GOT the Beat
Riize
BTS
P1Harmony
NCT
Shinee
Aespa
Pixy
Lucas
Taemin
Super Junior
Enhypen
BoA
TVXQ
Zico
Red Velvet
Fromis_9
Nmixx
Ateez
Hearts2Hearts
SuperM
Kangta
Monsta X
 
Statistiques - réponses
Réponse % Correct
Aespa
61%
EXO
55%
NCT
54%
Red Velvet
54%
Shinee
51%
Girl's Generation
50%
Riize
46%
SuperM
46%
Super Junior
44%
GOT the Beat
43%
Hearts2Hearts
41%
Lucas
37%
Naevis
35%
BoA
34%
TVXQ
33%
Kangta
14%
Aucun quiz correspondant
Distribution des résultats
% des personnes avec chaque résultat
Percentile par nombre de réponses
Votre historique - résultats
Vous n’avez pas pris ce quiz